000 00503nam a2200193Ia 4500
003 IIN
005 20240201131303.0
008 231217s9999 xx 000 0 und d
020 _cRs.295.00
_a9788181914569
040 _aIIN
_bEnglish
082 _a610.727
_bBEH
100 1 _aBehera, Abhiram
245 2 _aPractical Use of Biostatistics
_cAbhiram Behera
260 _bParas Medical
_aHyderabad
_c2016
300 _a350 p.
650 1 _aResearch
_vNursing
650 1 _aBiostatistics
942 _cBOOK
999 _c688
_d688